| 000 | 00637nam a22002057a 4500 | ||
|---|---|---|---|
| 999 |
_c19156 _d19156 |
||
| 003 | AR-CdUCM | ||
| 008 | 190312b ||||| |||| 00| 0 spa d | ||
| 040 |
_aMUNICIPALIDAD PROVINCIAL DEL CUSCO _cBIBLIOTECA MUNICIPAL DEL CUSCO |
||
| 082 |
_a858.9 / _bB74 |
||
| 100 |
_aBerence, Fred _95275 |
||
| 245 | _aLucrecia Borgia / | ||
| 260 |
_aMéxico : _bDiana, _c1960. |
||
| 300 |
_a323 paginas ; _c21 cm. |
||
| 505 | _aContenido : El mundo en que nació Lucrecia -- Infancia de Lucrecia -- Lucrecia novia... | ||
| 650 |
_aLos Borgia _915835 |
||
| 650 |
_aSiglo XX _98 |
||
| 650 |
_aBiografias _9148 |
||
| 942 |
_2ddc _cLIBROS |
||
| 945 | _arcc | ||